Jornada de promoció de l'ensenyament públic : Barcelona : dimecres, 20 de gener de 1999 Barcelona :
Descripción Física:
1 tríptic ; 21 cm
Otros Autores:
Marc Unitari de la Comunitat Educativa
MARC
| LEADER | 00000nam a2200000Ia 4500 | ||
|---|---|---|---|
| 001 | 24324 | ||
| 003 | BGR | ||
| 005 | 20260324180615.0 | ||
| 008 | 160829s1999 xx 000 0 cat d | ||
| 080 | |a FU-64-139 | ||
| 111 | |a Jornada de promoció de l'ensenyament públic |9 71202 |c (Barcelona: |d 1999) | ||
| 245 | |a Jornada de promoció de l'ensenyament públic : |b Barcelona : |b dimecres, 20 de gener de 1999 | ||
| 260 | |a Barcelona : |b Diputació de Barcelona. Àrea d'Educació, |c 1999 | ||
| 300 | |a 1 tríptic ; |c 21 cm | ||
| 590 | |a Programa de mà de les jornades, celebrades el 20 de gener de 1999 a l'Edifici del Rellotge (Barcelona). | ||
| 590 | |a Amb la col·laboració de MUCE | ||
| 650 | |a Personal |x Formació |x Barcelona (Província) |9 50314 | ||
| 700 | |a Marc Unitari de la Comunitat Educativa |9 49941 | ||
| 710 | |a Barcelona (Catalunya : Província). |b Àrea d'Educació |9 8009 | ||
| 901 | |a Arxiu | ||
| 942 | |n 1 |2 udc |c MON | ||
| 952 | |0 0 |1 0 |4 0 |6 FU64139 |7 1 |9 55697 |a Arxiu |b Arxiu |d 2016-12-01 |l 0 |o FU-64-139 |p 24324 |r 2016-12-01 00:00:00 |w 2016-12-01 |y ARXIU | ||
| 999 | |c 59570 |d 59570 | ||